Welcome to the Holygrace Academy Library

Please use search bar below to get started

MEGHA MUTHASSI (Record no. 5243)

MARC details
000 -LEADER
fixed length control field 00274nam a22001337a 4500
082 ## - DEWEY DECIMAL CLASSIFICATION NUMBER
Classification number 894.812.3
Item number SHA/M
100 ## - MAIN ENTRY--AUTHOR NAME
Personal name MENON, SALINI
245 ## - TITLE STATEMENT
Title MEGHA MUTHASSI
260 ## - PUBLICATION, DISTRIBUTION, ETC. (IMPRINT)
Place of publication PARAVUR
Name of publisher GEETHAM BOOKS
Year of publication 2019
300 ## - PHYSICAL DESCRIPTION
Number of Pages 80
520 ## - SUMMARY, ETC.
Summary, etc NOVEL
650 ## - SUBJECT ADDED ENTRY--TOPICAL TERM
Topical Term NOVEL
942 ## - ADDED ENTRY ELEMENTS (KOHA)
Koha item type Books
Holdings
Withdrawn status Lost status Collection code Home library Current library Shelving location Date acquired Source of acquisition Cost, normal purchase price Full call number Accession Number Koha item type
    Fiction Main Library Main Library SHELF-6C MALAYALAM SHORT STORIES 16/01/2020 Purchase 100.00 894.812.3 SHA/M 12405 Books